Españoles en Valparaíso: desarrollo empresarial de un colectivo inmigrante Europeo 1880-1940.

-д хадгалсан:
Номзүйн дэлгэрэнгүй
Үндсэн зохиолч: Estrada Turra, Baldomero (autor)
Формат: Ном
Хэл сонгох:испани
Хэвлэсэн: Valparaíso, Chile: Ediciones Universitarias de Valparaíso, 2014.
Цуврал:Serie Monografías Históricas
Нөхцлүүд:
Шошгууд: Шошго нэмэх
Шошго байхгүй, Энэхүү баримтыг шошголох эхний хүн болох!

MARC

LEADER 00000cam a2200000 a 4500
001 UCE3606
003 CL-VaPUC
005 20240917112359.0
008 140911e20140000cl |||||||||||||||||spa|d
999 |c 356809  |d 356807 
020 |a 978-956-17-0597-5 
040 |c Pontificia Universidad Católica de Valparaíso 
082 0 4 |a 325.183255 EST 2014  |2 21 
100 |a Estrada Turra, Baldomero  |e autor  |9 870293 
245 1 0 |a Españoles en Valparaíso: desarrollo empresarial de un colectivo inmigrante Europeo 1880-1940. 
260 |a Valparaíso, Chile:  |b Ediciones Universitarias de Valparaíso,  |c 2014. 
300 |a 257 páginas. 
490 0 |a Serie Monografías Históricas  |n  22. 
500 |a c.2. Donación Rector saliente Claudio Elortegui, Julio 2022. 
583 |a last modification  |c 20140911 14:25:00  |k Rodrigo Vera 
651 0 |a Valparaíso, Chile  |9 261144  |x Inmigrantes españoles  |y 1880-1940 
942 |c BK  |2 ddc 
945 |d 20140911 14:25:00  |a arojas 
952 |0 0  |1 0  |3 erb  |4 0  |6 325_183255000000000_EST_2014  |7 0  |8 X  |9 464558  |a FDOBUD  |b FDOBUD  |i 5113547  |o 325.183255 EST 2014  |p 5113547  |r 2019-11-23  |w 2019-11-23  |y BK_X  |z Catalogado en:20140911  |k FHP 
952 |0 0  |1 0  |3 erb  |4 0  |6 325_183255000000000_EST_2014  |7 0  |8 A  |9 464559  |a BIBHIS  |b BIBHIS  |i 5455863  |l 3  |o 325.183255 EST 2014  |p 5455863  |r 2025-01-20  |s 2022-12-15  |w 2019-11-23  |y BK  |z Catalogado en:20180316  |k HIS 
952 |0 0  |1 0  |2 ddc  |4 0  |6 325_183255000000000_EST_2014  |7 0  |8 A  |9 596872  |a BIBGIM  |b BIBGIM  |d 2024-09-17  |i 5662783  |o 325.183255 EST 2014  |p 5662783  |r 2025-01-15  |t 3  |w 2024-09-17  |y BK  |k ELE